| 000 | 00635nam a22002297a 4500 | ||
|---|---|---|---|
| 003 | OSt | ||
| 005 | 20140310181929.0 | ||
| 008 | 130722t xxu||||| |||| 00| 0 eng d | ||
| 020 | _a8172451229 | ||
| 050 |
_aGV 701 _b.C495 1991 |
||
| 082 |
_aTR 796 _bC39 1991 |
||
| 100 |
_aChaturvedi, B.K _92597 |
||
| 245 |
_aRules & skills of games & sports / _cB.K Chaturvedi |
||
| 260 |
_aNew Delhi, India : _bGoodwill Publishing House, _c1991. |
||
| 300 |
_a440 p. _bill. ; _c22 cm. |
||
| 521 | _aFaculty | ||
| 541 | _j1 | ||
| 562 | _e1 | ||
| 650 |
_aSports _xRules _92598 |
||
| 650 |
_aGames _xRules _92599 |
||
| 942 |
_2lcc _cBK-TR _kTR |
||
| 999 |
_c7297 _d7297 |
||